000 00330 a2200109 4500
001 ART_10007
005 20260410161653.0
008 260409a
245 1 0 _aCapital intelectual = capacidad x compromiso
100 1 _aUlrich, Dave
773 0 _tHarvard Deusto Business Review
_g- NÂș 86 (sep./oct 1998)
_wREV521
999 _c14476
_d14476